Le lettere festali di Atanasio di Alessandria : studio storico-critico /

محفوظ في:

المؤلف الرئيسي: Camplani, Alberto (مؤلف)

مؤلفون آخرون: Athanasius, Saint, Patriarch of Alexandria, -373.

التنسيق: كتاب

اللغة: Italian
Coptic
Ancient Greek
Syriac

منشور في: Roma : C.I.M., 1989.

سلاسل: Corpus dei manoscritti copti letterari.

الموضوعات:

الوسوم: إضافة وسم

لا توجد وسوم, كن أول من يضع وسما على هذه التسجيلة!

رقم الطلب: BR65 .A4434 A46 1989

LEADER 01917namaa2200325 4500
001 21972
003 OSt
005 20211027125059.0
008 130303s1989 it g b 001 0 ita d
952 |0 0  |1 0  |2 lcc  |4 0  |6 BR0065 A4434 A46 01989  |7 1  |9 21813  |a ARCE  |b ARCE  |d 2021-10-27  |l 0  |o BR65 .A4434 A46 1989  |p 1010561  |r 2021-10-27 00:00:00  |w 2021-10-27  |y BK 
999 |c 21577  |d 21577 
040 |c ARCE Library 
041 0 |a ita  |a cop  |a grc  |a syr 
050 4 |a BR65 .A4434 A46 1989 
100 1 |a Camplani, Alberto,   |e author  |9 27676 
245 1 3 |a Le lettere festali di Atanasio di Alessandria :  |b studio storico-critico /  |c di Alberto Camplani. 
264 1 |a Roma :   |b C.I.M.,   |c 1989. 
300 |a v, 340 pages ;  |c 24 cm. 
490 0 |a Corpus dei manoscritti copti letterari. 
500 |a At head of title : Unione accademica nazionale. 
504 |a Includes index. 
505 0 |a Bibliografia -- Presentazione dei testi : Tradizione diretta e indiretta -- Metodo, ambiente d'origine e datazione delle versioni copta e siriaca -- Cronologia: Termini della questione e materiale a dispozione. Index e la stori delle raccolte. Storia degli studi. Cronologia e gli scambi. EF 7 e biglietto a serapione : datazione e storia della Quaresima in Egitto. Alcune conclusioni -- Lettura storica : Lettere festali come mezzo di propaganda e di catechesi. Vita di Atanasio attraverso le lettere festali. Polemica antiariana. Meliziani e la valle del nilo. Liste episcopali. Alcune conclusioni. 
546 |a Text in Italian with selections in Coptic, Greek and Syriac. 
555 |a wafaa.lib 
600 0 0 |a Athanasius,  |c Saint, Patriarch of Alexandria,  |d -373  |x Contributions in liturgy. 
650 0 |a Fasts and feasts  |y Early church, ca. 30-600. 
650 0 |a Liturgics  |x History  |y Early church, ca. 30-600.  |9 11370 
700 0 |a Athanasius,  |c Saint, Patriarch of Alexandria,  |d  -373.  |t Festal letters.  |k Selections. 
901 |a reviewed 
942 |c BK  |2 lcc